banner-ar

ABC OF SPINAL CARD INJURY / (Record no. 10843)

MARC details
000 -الفاتح
حقل البيانات ثابتة الطول 00452nam a2200181Ia 4500
008 - عناصر البيانات ثابتة الطول - معلومات عامة
حقل البيانات ثابتة الطول 140319s9999 xx 000 0 eng d
040 ## - مصدر الفهرسة
وكالة الفهرسة الأصلية GCL /
وكالة النسخ GCL
082 04 - رقم تصنيف ديوى العشرى
رقم التصنيف 617.4
رقم المادة G A
100 1# - المدخل الرئيسى - إسم شخصى
الإسم الشخصى GRUNDY, DAVID
245 10 - بيان العنوان
العنوان ABC OF SPINAL CARD INJURY /
بيان المسئوليه,etc GRUNDY, DAVID
700 1# - المدخل الاضافى - اسم شخصى
الإسم الشخصى SWAIN, ANDREW
260 ## - PUBLICATION, DISTRIBUTION, ETC. (IMPRINT)
تاريخ النشر أو التوزيع 1994
300 ## - الوصف المادى
التعداد 61
650 04 - المدخل الاضافى بالموضوع-مصطلح موضوعى
مصطلح موضوعي SPINAL CARD
650 04 - المدخل الاضافى بالموضوع-مصطلح موضوعى
مصطلح موضوعي INJURY
942 ## - عناصر المدخل الإضافي( كوها)
مصدر التصنيف او مخطط الترفيف Dewey Decimal Classification
Koha [default] item type كتاب
260 ## - PUBLICATION, DISTRIBUTION, ETC. (IMPRINT)
-- [S.N] :
-- B M J PUBLISHING GROUP ،
Holdings
حالة التراجع حالة الفقد حالة تلف ليس للاعارة المكان المؤقت الموقع الحالى تاريخ الاكتساب اجمالي اﻻعارات رقم الطلب الباركود تاريخ اخر مشاهدة تاريخ تفعيل السعر نوع وعاء كوها
        مكتبة القاهرة الكبرى مكتبة القاهرة الكبرى 03/26/2014   617.4\G A 21758 03/26/2014 03/26/2014 كتاب

Powered By

EGPV